000 00718nam a22002177a 4500
003 UA-OsUOA
001 123597
007 ta
008 20170626b un ||||| |||| 00| 0 ukr d
100 _aПастух М.
090 _a81
_bП19
942 _cSA
040 _aUA-OsUOA
_bukr
_cUA-OsUOA
_dUA-OsUOA
245 _aІгрові форми роботи на уроках української мови та літератури
300 _aС.28-36
955 _a0
041 _aukr
080 _a81
773 0 _w123596
_tУкраїнська мова та література
_dК.
_d2017
_g12
650 7 _a8 Мовознавство. Художня література. Літературознавство
_2UDC
999 _c410745
_d410745